Statistics for Car Seat Headrest - Drunk Drivers/Killer Whales Lyrics

Click here to take the quiz!

General Stats

  • This quiz has been taken 74 times
  • The average score is 357 of 416

Answer Stats

Answer% Correct
car
100%
a
97%
backseat
97%
drivers,
97%
drivers
97%
drunk
97%
Drunk
97%
I
97%
of
97%
the
97%
to
97%
be
95%
doesn't
95%
get
95%
Get
95%
have
95%
in
95%
In
95%
it
95%
It
95%
killer
95%
Killer
95%
my
95%
My
95%
this
95%
This
95%
Whales...
95%
whales,
95%
whales
95%
an
92%
And
92%
and
92%
I'm
92%
is
92%
on
92%
out
92%
pro
92%
proud
92%
start
92%
Who
92%
are
90%
fucking
90%
he
90%
It's
90%
late
90%
Like
90%
like
90%
no
90%
parents
90%
would
90%
all
87%
at
87%
home
87%
just
87%
love
87%
me
87%
mess
87%
not
87%
only
87%
race
87%
tells
87%
There
87%
try
87%
trying
87%
we
87%
We
87%
We're
87%
you
87%
You
87%
your
87%
as
85%
away
85%
can
85%
couldn't
85%
later,
85%
month
85%
too
85%
But
82%
don't
82%
keys
82%
mean
82%
One
82%
so
82%
again
79%
can't
79%
comes
79%
goes
79%
handwriting
79%
happened
79%
left
79%
make
79%
notes
79%
okay
79%
rationalize
79%
somewhere
79%
walk
79%
what
79%
asleep
77%
empty
77%
fall
77%
Forget
77%
heart
77%
how
77%
if
77%
learn
77%
morning
77%
Or
77%
plateaus
77%
easily
74%
floor
74%
Maybe
74%
never
74%
That
74%
that
74%
was
74%
act
72%
child
72%
engine
72%
explain
72%
good
72%
live
72%
negative
72%
off
72%
person
72%
thing
72%
cause
69%
feeling
69%
head
69%
pain
69%
such
69%
Turn
69%
who's
69%
wrong
69%
articulate
67%
become
67%
done
67%
downhill
67%
mind
67%
know
64%
loves
64%
There's
64%
hasn't
62%
hate
62%
people
62%
step
62%
stripped
62%
thought
62%
voice
62%
coasting
59%
fate
59%
first
59%
listen
59%
oh
59%
same
59%
share
59%
shit
59%
taken
59%
Giving
56%
him
56%
comfort
54%
Put
54%
Please
49%
responsibility
49%
up
49%
yourself
49%
against
44%
perish
44%
others'
41%
feelings
38%
ahhh
36%
Ahhh
36%
build
36%
learned
33%
Here's
31%
yeah...
26%
yeah
26%
ahhhh
13%

Score Distribution

Percentile by Number Answered

Percent of People with Each Score

Your Score History

You have not taken this quiz